00320nam a2200121Ia 4500008004100000020001500041050001500056100001700071245003600088260003700124300002400161650001300185150202s9999 xx 000 0 und d a1400079179 aFIC bFIC  aBrown, Dale. 4aThe DaVinci code /cDan Brown. aNew York :bAnchor Books,c2003. a489 pages :c18 cm. aFiction.